Gaming Quiz

Random Gaming or Video Games Quiz

First Five: Gaming Quiz Stats

Quiz Updated Sep 29, 2016

Also try: First Five: Movies
Challenge
Share
Tweet
Embed
Score 0/30 Timer 06:00
0 Plays Today
% Correct
Super Nintendo Entertainment System (1990)
71.6%
Nintendo 64 (1996)
71%
Nintendo Entertainment System (1983)
69.8%
Go!
65.9%
Gamecube (2001)
65.4%
Bulbasaur
59.9%
Charmander
59.4%
San Andreas (GTA)
58.6%
Ocarina of Time (1998)
55.1%
The Legend of Zelda (1986)
54.4%
Ivysaur
51.2%
Charmeleon
50.9%
Vice City (GTA)
49.1%
Venusaur
48.5%
Baltic Avenue/Whitechapel Road
48.4%
% Correct
Community Chest
47.9%
Lumber
46.6%
Mediterranean Avenue/Old Kent Road
45.2%
Ore
41.8%
Income Tax
38.4%
A Link to the Past (1991)
38.3%
Grain
37%
Liberty City (GTA)
36.1%
Wool
35.4%
Brick
30.6%
Link's Awakening (1993)
25.6%
The Adventure of Link (1987)
21%
London (GTA: London 1969)
17.1%
Color TV-Game (1977)
4.6%
Anywhere City (GTA 2)
3.9%

You're not logged in!

Compare scores with friends on all Sporcle quizzes.
Sign Up with Email
OR
Log In

You Might Also Like...

Show Comments

Extras

Top Quizzes Today


Score Distribution

Your Account Isn't Verified!

In order to create a playlist on Sporcle, you need to verify the email address you used during registration. Go to your Sporcle Settings to finish the process.